00553nam a22001697a 450000500170000001000150001702000260003203500140005803700150007208200140008710000230010124500690012426000450019327000670023830000300030550000480033520180730143134.0 aENG-123620 c875.00a9780199092024 aEN-107152 bDBAD/PUB.  a320.95451 aKhantikar, Santana aState, violence, and legitimacy in india /cby Santana Khantikar aNew DelhibOxford University Pressc2018 a2/11, Ground Floor, Ansari Road, Daryaganj,bNew Delhie110002 axiv,269p.c22cm(Hb)bill. aIts includes glossary, references and index